00534nam a22001697a 450000500170000001000150001702000270003203500130005903700130007208200120008510000270009724500780012426000420020227000720024430000290031650000190034520140909153919.0 aENG-110773 a9788183875592c1195.00 aEN-94305 bDBAD/PUB a320.954 aRamachandhra Reddy, G. aCrisis of governance :cby G. Ramachandhra Reddybmacro and micro level / aNew DelhibSerials Publicationsc2012 a4830/24, Prahlad street, Ansari Road, Darya GanjbNew Delhie110002 axxxviii,298p. c23cm(Hb) aIncludes index